Plan Nacional de la educación superior (PLANES). Capítulo II: La educación post-secundaria en Costa Rica

সংরক্ষণ করুন:
গ্রন্থ-পঞ্জীর বিবরন
সংস্থা লেখক: Oficina de Planificación de la Educación Superior (Costa Rica)
বিন্যাস: পাঠ‍্য
প্রকাশিত: San josé :
ট্যাগগুলো: ট্যাগ যুক্ত করুন
কোনো ট্যাগ নেই, প্রথমজন হিসাবে ট্যাগ করুন!

MARC

LEADER 00000 a a2200000 04500
001 15909
003
040
090 |a 016200  
110 |a Oficina de Planificación de la Educación Superior (Costa Rica)  
245 |a Plan Nacional de la educación superior (PLANES). Capítulo II: La educación post-secundaria en Costa Rica  
260 |a San josé :  
300 |a 3, 35 p.  
999 |c 15885  |d 15885